Women in Zimbabwe (Record no. 83164)
[ view plain ]
| 000 -LEADER | |
|---|---|
| fixed length control field | 01315nam a2200289 a 4500 |
| 008 - FIXED-LENGTH DATA ELEMENTS--GENERAL INFORMATION | |
| fixed length control field | 120416s1989 ||||||||||||||||| || u |
| 020 ## - INTERNATIONAL STANDARD BOOK NUMBER | |
| International Standard Book Number | 0797408932 |
| 050 ## - LIBRARY OF CONGRESS CALL NUMBER | |
| Classification number | HD 6059 Bat |
| 100 ## - MAIN ENTRY--PERSONAL NAME | |
| Personal name | Mwalo, Margaret |
| 245 10 - TITLE STATEMENT | |
| Title | Women in Zimbabwe |
| 250 ## - EDITION STATEMENT | |
| Edition statement | 1st ed. |
| 260 ## - PUBLICATION, DISTRIBUTION, ETC. | |
| Place of publication, distribution, etc. | Harare |
| Name of publisher, distributor, etc. | SAPES Trust |
| Date of publication, distribution, etc. | 1989 |
| 300 ## - PHYSICAL DESCRIPTION | |
| Extent | iv, 73p. : ill. |
| 350 ## - | |
| -- | 0.00 |
| 490 ## - | |
| -- | Southern Africa political economy series |
| 490 ## - | |
| -- | 2 |
| 500 ## - GENERAL NOTE | |
| General note | Includes bibliographical references. |
| 650 ## - SUBJECT ADDED ENTRY--TOPICAL TERM | |
| Topical term or geographic name entry element | WOMEN--ZIMBABWE |
| 650 ## - SUBJECT ADDED ENTRY--TOPICAL TERM | |
| Topical term or geographic name entry element | WOMEN--ZIMBABWE--ECONOMIC CONDITIONS |
| 650 ## - SUBJECT ADDED ENTRY--TOPICAL TERM | |
| Topical term or geographic name entry element | WOMEN--ZIMBABWE--SOCIAL CONDITIONS |
| 650 ## - SUBJECT ADDED ENTRY--TOPICAL TERM | |
| Topical term or geographic name entry element | LABOUR |
| 700 ## - ADDED ENTRY--PERSONAL NAME | |
| Personal name | Batezat, Elinor |
| 995 ## - | |
| -- | ANNEX COLLECTION (Main Library) |
| -- | 0.00 |
| -- | 720455 |
| -- | CBU-MAIN LIBRARY (Kitwe) |
| -- | 4 |
| -- | 27.95 |
| -- | HD 6059 Bat |
| -- | 4 |
| -- | AVAILABLE |
| -- | 004511 |
| -- | Annex Low-Usage Collection |
| 995 ## - | |
| -- | ANNEX COLLECTION (Main Library) |
| -- | 0.00 |
| -- | 720454 |
| -- | CBU-MAIN LIBRARY (Kitwe) |
| -- | 3 |
| -- | 27.95 |
| -- | HD 6059 Bat |
| -- | 3 |
| -- | AVAILABLE |
| -- | 004510 |
| -- | Annex Low-Usage Collection |
| 995 ## - | |
| -- | ANNEX COLLECTION (Main Library) |
| -- | 0.00 |
| -- | 720452 |
| -- | CBU-MAIN LIBRARY (Kitwe) |
| -- | 2 |
| -- | 27.95 |
| -- | HD 6059 Bat |
| -- | 2 |
| -- | AVAILABLE |
| -- | 004513 |
| -- | Annex Low-Usage Collection |
| 995 ## - | |
| -- | ANNEX COLLECTION (Main Library) |
| -- | 0.00 |
| -- | 720453 |
| -- | CBU-MAIN LIBRARY (Kitwe) |
| -- | 1 |
| -- | 27.95 |
| -- | HD 6059 Bat |
| -- | 1 |
| -- | AVAILABLE |
| -- | 004512 |
| -- | Annex Low-Usage Collection |
| 999 ## - | |
| -- | 83164 |
| -- | 83164 |
| Withdrawn status | Lost status | Source of classification or shelving scheme | Damaged status | Not for loan | Permanent Location | Current Location | Shelving location | Date acquired | Total Checkouts | Full call number | Barcode | Date last seen | Copy number | Price effective from | Koha item type |
|---|---|---|---|---|---|---|---|---|---|---|---|---|---|---|---|
| CBU-MAIN LIBRARY, KITWE. | CBU-MAIN LIBRARY, KITWE. | 10/25/2023 | HD 6059 Bat | 004511 | 10/25/2023 | 1 | 10/25/2023 | MONOGRAPH | |||||||
| CBU-MAIN LIBRARY, KITWE. | CBU-MAIN LIBRARY, KITWE. | 10/25/2023 | HD 6059 Bat | 004510 | 10/25/2023 | 2 | 10/25/2023 | MONOGRAPH | |||||||
| Withdrawn | CBU-MAIN LIBRARY, KITWE. | CBU-MAIN LIBRARY, KITWE. | 10/25/2023 | HD 6059 Bat | 004513 | 10/25/2023 | 3 | 10/25/2023 | MONOGRAPH | ||||||
| CBU-MAIN LIBRARY, KITWE. | CBU-MAIN LIBRARY, KITWE. | 10/25/2023 | HD 6059 Bat | 004512 | 10/25/2023 | 4 | 10/25/2023 | MONOGRAPH |